| 000 | 00961nam a2200277 i 4500 | ||
|---|---|---|---|
| 003 | IT-RoINE | ||
| 005 | 20200504104828.0 | ||
| 008 | 791203s1979 sp e r 001 spa d | ||
| 020 | _a8432303534 | ||
| 040 |
_aIBH _bspa _cIT-RoINE _erdc |
||
| 041 | 1 |
_aspa _hfre |
|
| 100 | 1 |
_aGautier Dalché, Jean, _910992 _d1913-2010 |
|
| 245 | 1 | 0 |
_aHistoria urbana de León y Castilla en la Edad Media : _b(siglos IX-XIII) / _cpor Jean Gautier Dalché ; [traducción de Encarnación Pérez Sedeño]. |
| 260 |
_aMadrid [etc.] : _bSiglo XXI de España, _c1979. |
||
| 300 |
_a470 p. : _bplan. ; _c21 cm. |
||
| 336 |
_2rdacontent _atext |
||
| 337 |
_2rdamedia _aunmediated |
||
| 338 |
_2rdacarrier _avolume |
||
| 490 | 0 | _aHistoria | |
| 500 | _aIncluye índice | ||
| 504 | _aBibliografía : p. 466-470. | ||
| 651 | 4 |
_aEspaña _xHistoria _y414-1474 (Edad media) _97706 |
|
| 700 | 1 |
_aPérez Sedeño, Encarnación _911579 |
|
| 830 |
_98555 _aHistoria (Siglo XXI) |
||
| 942 | _cMTS | ||
| 999 |
_c5437 _d5437 |
||